|
|
|
|
| LEADER |
00000nab a2200000 a 4500 |
| 001 |
vtls000234591 |
| 003 |
SK-MaSNL |
| 005 |
20260305035309.0 |
| 008 |
111130c1985 xo 0 slo |
| 015 |
|
|
|a SNBRB19rr/mm-uuuuu
|
| 035 |
|
|
|a CL0244705
|
| 040 |
|
|
|a SNKBUCL
|b slo
|c SNKBUCL
|e AACR2
|
| 041 |
0 |
|
|a slo
|
| 044 |
|
|
|a xo
|c SK
|
| 080 |
|
|
|a 796.015.012.13
|2 1981
|
| 100 |
1 |
|
|a Štubrajter, Vojtech
|4 aut
|9 925559
|
| 245 |
1 |
0 |
|a Možnosti skracovania reakčného času v niektorých športoch
|c Vojtech Štubrajter
|
| 300 |
|
|
|b Obr. 6.
|
| 650 |
0 |
7 |
|a športový tréning
|2 SNKPH
|9 163263
|
| 655 |
|
7 |
|a články z novín a časopisov
|2 SNK
|9 267496
|
| 773 |
0 |
|
|t Tréner
|g Roč. 29, č. 11 (1985), s. 490-493
|
| 850 |
|
|
|a Slovenská národná knižnica v Martine
|a MTA001
|
| 852 |
|
|
|a SNK
|b KIS3GCP
|
| 958 |
|
|
|a RK
|
| 992 |
|
|
|a RBX
|
| 999 |
|
|
|c 3333136
|d 3335066
|